000 00623cam a2200205 4500500
005 20260405002748.0
041 _afre
042 _adc
100 1 0 _aEltchaninoff, Michel
_eauthor
245 0 0 _aAdam Michnik. Dissident sur tous les fronts
260 _c2018.
500 _a57
690 _aAdam Michnik
690 _aJarosław Kaczyński
690 _aMichel Eltchaninoff
690 _aPologne
690 _aRussie
786 0 _nPhilosophie magazine | 122 | 9 | 2018-09-01 | p. 4-4 | 1951-1787
856 4 1 _uhttps://shs.cairn.info/magazine-philosophie-magazine-2018-9-page-4?lang=fr&redirect-ssocas=7080
999 _c2060865
_d2060865